Digital Logic and Computer Design (Record no. 8158)

MARC details
000 -LEADER
fixed length control field 00342nam a2200133Ia 4500
008 - FIXED-LENGTH DATA ELEMENTS--GENERAL INFORMATION
fixed length control field 230312s9999||||xx |||||||||||||| ||und||
082 ## - DEWEY DECIMAL CLASSIFICATION NUMBER
Classification number 621.395
Item number MAN -D
100 ## - MAIN ENTRY--PERSONAL NAME
Personal name Mano M. Morris
245 #0 - TITLE STATEMENT
Title Digital Logic and Computer Design
300 ## - PHYSICAL DESCRIPTION
Extent 612
546 ## - LANGUAGE NOTE
Language note Eng.
650 ## - SUBJECT ADDED ENTRY--TOPICAL TERM
Topical term or geographic name entry element Engineering
Form subdivision Digital Logic and Computer Design
942 ## - ADDED ENTRY ELEMENTS (KOHA)
Koha item type BOOK
Holdings
Withdrawn status Lost status Source of classification or shelving scheme Damaged status Not for loan Home library Current library Date acquired Total Checkouts Full call number Barcode Date last seen Date last checked out Price effective from Koha item type
    Dewey Decimal Classification     Superior Information Resource Center (SIRC) Superior University- Main Campus Superior Information Resource Center (SIRC) Superior University- Main Campus 03/13/2023 1 621.395 MAN -D 8265 10/06/2023 05/24/2023 03/13/2023 BOOK

Powered by Koha